<?xml version="1.0" encoding="UTF-8"?>
<record
    xmlns:xsi="http://www.w3.org/2001/XMLSchema-instance"
    xsi:schemaLocation="http://www.loc.gov/MARC21/slim http://www.loc.gov/standards/marcxml/schema/MARC21slim.xsd"
    xmlns="http://www.loc.gov/MARC21/slim">

  <leader>02710nam a2200277   4500</leader>
  <controlfield tag="001">ESSALUD</controlfield>
  <controlfield tag="005">20260702155428.0</controlfield>
  <controlfield tag="007">ta</controlfield>
  <controlfield tag="008">      t        pe ||||| |||| 00| 0 spa d</controlfield>
  <datafield tag="040" ind1=" " ind2=" ">
    <subfield code="a">BMG</subfield>
  </datafield>
  <datafield tag="041" ind1=" " ind2=" ">
    <subfield code="a">spa</subfield>
  </datafield>
  <datafield tag="100" ind1=" " ind2=" ">
    <subfield code="a">Mayor S&#xE1;nchez, Jorge Luis </subfield>
    <subfield code="e">Autor</subfield>
    <subfield code="9">21497</subfield>
  </datafield>
  <datafield tag="245" ind1=" " ind2=" ">
    <subfield code="a">Las cadenas de suministro sostenibles y el reto que enfrentan las grandes empresas. </subfield>
    <subfield code="b">Qu&#xE9; les depara a las actuales organizaciones sindicales a nivel empresarial</subfield>
  </datafield>
  <datafield tag="246" ind1=" " ind2=" ">
    <subfield code="a">Sustainable supply chains and the challenge faced by large companies.</subfield>
    <subfield code="b">What awaits current trade union organizations at the enterprise level</subfield>
  </datafield>
  <datafield tag="300" ind1=" " ind2=" ">
    <subfield code="a">p&#xE1;ginas 169-181</subfield>
  </datafield>
  <datafield tag="520" ind1=" " ind2=" ">
    <subfield code="a">En el presente art&#xED;culo el autor desarrolla un an&#xE1;lisis cr&#xED;tico de las cadenas
de suministro sostenibles como herramienta estrat&#xE9;gica utilizada por las grandes empresas
y de su impacto en el Derecho del Trabajo y en las organizaciones sindicales a
nivel empresarial. Examina c&#xF3;mo la fragmentaci&#xF3;n y externalizaci&#xF3;n de los procesos
productivos, orientadas a la reducci&#xF3;n de costos y a la obtenci&#xF3;n de ventajas competitivas,
pueden generar riesgos de precarizaci&#xF3;n laboral, desvalorizaci&#xF3;n del trabajo
decente y debilitamiento de la acci&#xF3;n sindical. Asimismo, aborda el contexto de la globalizaci&#xF3;n,
la etapa pos-COVID-19 y la centralidad de la diligencia debida en materia de
derechos humanos, destacando la necesidad de compatibilizar eficiencia econ&#xF3;mica
con el respeto efectivo de los derechos humanos labora les y sindicales.
</subfield>
  </datafield>
  <datafield tag="520" ind1=" " ind2=" ">
    <subfield code="a">In this article, the author develops a critical analysis of sustainable supply chains as a strategic tool used by large companies and their impact on labour law and trade union organizations
at the corporate level. The study examines haw the fragmentation and outsourcing of productive
processes, aimed at reducing costs and obtaining competitive advantages, may generate risks of
labour precariousness, the devaluation of decent work, and the weakening of trade union action. It
also addresses the context of globalization, the post- COV/0-19 period, and the central role of human
rights due diligence, highlighting the need to reconcile economic efficiency with the effective respect
far labour and trade un ion human rights.
</subfield>
  </datafield>
  <datafield tag="650" ind1=" " ind2=" ">
    <subfield code="a">CADENAS DE SUMINISTRO </subfield>
    <subfield code="9">53213</subfield>
  </datafield>
  <datafield tag="650" ind1=" " ind2=" ">
    <subfield code="a">ORGANIZACIONES SINDICALES</subfield>
    <subfield code="9">53214</subfield>
  </datafield>
  <datafield tag="650" ind1=" " ind2=" ">
    <subfield code="a">GRANDES EMPRESAS</subfield>
    <subfield code="9">53215</subfield>
  </datafield>
  <datafield tag="650" ind1=" " ind2=" ">
    <subfield code="a">SUPPLY CHAINS </subfield>
    <subfield code="9">53216</subfield>
  </datafield>
  <datafield tag="650" ind1=" " ind2=" ">
    <subfield code="a">LARGE COMPANIES </subfield>
    <subfield code="9">53217</subfield>
  </datafield>
  <datafield tag="650" ind1=" " ind2=" ">
    <subfield code="a">TRADE UNION ORGANIZATIANS</subfield>
    <subfield code="9">53218</subfield>
  </datafield>
  <datafield tag="773" ind1="0" ind2=" ">
    <subfield code="0">22614</subfield>
    <subfield code="9">22623</subfield>
    <subfield code="d">Lima Grupo Praxis Formaci&#xF3;n Profesional, 2026-</subfield>
    <subfield code="o">PRALAB001</subfield>
    <subfield code="t">Praxis Laboral &amp; Procesal Laboral</subfield>
    <subfield code="w">ESSALUD</subfield>
    <subfield code="x">3119-768X</subfield>
  </datafield>
  <datafield tag="942" ind1=" " ind2=" ">
    <subfield code="c">ARTICULOS</subfield>
    <subfield code="e">2026-07-02</subfield>
    <subfield code="z">SQB</subfield>
  </datafield>
  <datafield tag="999" ind1=" " ind2=" ">
    <subfield code="c">22628</subfield>
    <subfield code="d">22628</subfield>
  </datafield>
</record>
